Europe sets a green agenda (Record no. 73320)
[ view plain ]
| 000 -LEADER | |
|---|---|
| fixed length control field | 01317cam a2200205 4500 |
| 001 - CONTROL NUMBER | |
| control field | ABS66981 |
| 008 - FIXED-LENGTH DATA ELEMENTS--GENERAL INFORMATION | |
| fixed length control field | 030901n2003 000 0 eng u |
| 035 ## - SYSTEM CONTROL NUMBER | |
| System control number | (Sirsi) u123447 |
| 100 ## - MAIN ENTRY--PERSONAL NAME | |
| Personal name | Eales, R. |
| 245 ## - TITLE STATEMENT | |
| Title | Europe sets a green agenda |
| 260 ## - PUBLICATION, DISTRIBUTION, ETC. | |
| Date of publication, distribution, etc. | 2003 |
| 490 ## - SERIES STATEMENT | |
| Series statement | Planning (for the Natural and Built Environment) |
| Volume/sequential designation | 22 August 2003, 18(1) |
| 520 ## - SUMMARY, ETC. | |
| Summary, etc. | Examines what impact the European Directive on Strategic Environmental Assessment (SEA) (Directive 2001/42/EC) will have on planning and sustainable development practice in the UK. The SEA Directive which must be implemented in the UK by 21 July 2004 covers a wide range of activities including consultation on the scope of the assessment, the provision of baseline information, consideration of alternatives, proposals for mitigation measures, monitoring of significant effects and quality assurance. It also stipulates what information should be contained in the environmental report which must be produced as part of the assessment. Considers how the SEA could be integrated in the existing and a future broader sustainable framework in the UK. |
| 590 ## - LOCAL NOTE (RLIN) | |
| Local note | ABS |
| 650 ## - SUBJECT ADDED ENTRY--TOPICAL TERM | |
| Topical term or geographic name entry element | STRATEGIC ENVIRONMENTAL ASSESSMENTS |
| 650 ## - SUBJECT ADDED ENTRY--TOPICAL TERM | |
| Topical term or geographic name entry element | SUSTAINABLE DEVELOPMENT |
| 650 ## - SUBJECT ADDED ENTRY--TOPICAL TERM | |
| Topical term or geographic name entry element | DIRECTIVE 2001/42/EC |
| 690 ## - LOCAL SUBJECT ADDED ENTRY--TOPICAL TERM (OCLC, RLIN) | |
| Topical term or geographic name as entry element | ENVIRONMENT-AUDIT/ASSESSMENT |
| 942 ## - ADDED ENTRY ELEMENTS (KOHA) | |
| Suppress in OPAC | 0 |
| Withdrawn status | Lost status | Source of classification or shelving scheme | Damaged status | Not for loan | Home library | Current library | Shelving location | Date acquired | Total Checkouts | Full call number | Barcode | Date last seen | Copy number | Price effective from | Koha item type |
|---|---|---|---|---|---|---|---|---|---|---|---|---|---|---|---|
| Dewey Decimal Classification | London | London | Journal article | 01/09/2003 | ABS66981 | 123447-1001 | 06/08/2019 | 1 | 06/08/2019 | Journal article |